000 00862nam a2200217 a 4500
001 000041737
005 20201002035728.0
008 131016s1994 sp 001 0 spa d
020 _a8400074343
040 _aDO-SdBNP
_bspa
_cBNPHU
100 1 _aGarrido Gallardo, Miguel Ángel
_965804
245 1 3 _aLa musa de la retórica :
_bproblemas y métodos de la ciencia de la literatura /
_cMiguel Ángel Garrido Gallardo,.
260 _aMadrid :
_bCSIC,
_c1994.
300 _a284 p ; :
_bil., retrs. ;
_c25 cm.
490 1 _aBiblioteca de filología hispánica
_v13
500 _aIncluye índice
504 _aIncluye referencias bibliográficas y notas al pie de las páginas
700 1 _aGarcía Mouton, Pilar
_eed
_966071
710 2 _aConsejo Superior de Investigaciones Científicas (España)
_915178
830 0 _aBiblioteca de filología hispánica
_v13
_967489
999 _c41226
_d41226